I am a Government Doctor: (Record no. 194785)

MARC details
000 -LEADER
fixed length control field 00682nam a22001937a 4500
005 - DATE AND TIME OF LATEST TRANSACTION
control field 20230119170103.0
010 ## - LCCN (DPL NO)
LC control number ENG-136018
020 ## - INTERNATIONAL STANDARD BOOK NUMBER
International Standard Book Number 9789393966629
Terms of availability 599.00
035 ## - SYSTEM CONTROL NUMBER
System control number EN-119550
037 ## - SOURCE OF ACQUISITION
Source of stock number/acquisition DBAD/PUB
082 ## - DEWEY DECIMAL CLASSIFICATION NUMBER
Classification number 921
100 ## - MAIN ENTRY--PERSONAL NAME
Personal name Nanaware, Kumar
245 ## - TITLE STATEMENT
Title I am a Government Doctor:
Remainder of title Autobiography of A Medical Professional/
Statement of responsibility, etc by Kumar Nanaware and translated by Aditya Deshpande
260 ## - PUBLICATION, DISTRIBUTION, ETC. (IMPRINT)
Place of publication, distribution, etc Madhya Pradesh
Name of publisher, distributor, etc Wings Publication
Date of publication, distribution, etc 2022
270 ## - ADDRESS
Address 907-Sneh Nagar, Sapna Sangeeta Road, Agrasen Square
City Indore
Postal code 452001
Electronic mail address mybook@wingspublication.com
300 ## - PHYSICAL DESCRIPTION
Extent 317p.
Dimensions 21cm(pbk)
700 ## - ADDED ENTRY--PERSONAL NAME
Personal name Despande, Aditya
942 ## - ADDED ENTRY ELEMENTS (KOHA)
Source of classification or shelving scheme Dewey Decimal Classification
Item type English Books
Classification part 921
Call number suffix NAN
Holdings
Withdrawn status Lost status Not for loan Collection code Home library Current library Date acquired Source of acquisition Cost, normal purchase price Full call number Barcode Copy number Cost, replacement price Koha item type
      Non-fiction Kasturba Gandhi Marg Kasturba Gandhi Marg 19/01/2023 DBAD/PUB 599.00 921 NAN EN-119550 1 599.00 English Books

© Delhi Public Library
Hit Counter
free hit counter